| 000 | 00561nam a2200193Ia 4500 | ||
|---|---|---|---|
| 999 |
_c23126 _d23126 |
||
| 003 | OSt | ||
| 005 | 20200512100656.0 | ||
| 008 | 190216s9999||||xx |||||||||||||| ||und|| | ||
| 020 | _a9789675062339 | ||
| 040 | _coclc | ||
| 082 |
_a297 _bAZZ/E |
||
| 100 |
_a Azzam, Abd Al-Rahman _92200 |
||
| 245 | 4 |
_aThe Eternal Message Of Muhammad / _cAbd Al-Rahman Azzam |
|
| 250 | _a2nd Ed. | ||
| 260 |
_bIslamic Book Trust, _c2010. _aKuala Lumpur: |
||
| 300 | _a250p | ||
| 650 | _aMessage Of Muhammed | ||
| 942 |
_cBK _2ddc _h297 _iAZZ/E _k297 _mAZZ/E |
||